Human insecurity : global structures of violence /
| Main Author: | |
|---|---|
| Format: | Book |
| Language: | English |
| Published: |
London ; New York :
Zed Books ;
2008.
|
| Subjects: | |
| Online Access: | Contributor biographical information Publisher description Table of contents only |
MARC
| Tag | First Indicator | Second Indicator | Subfields |
|---|---|---|---|
| LEADER | 00000cam a22000004a 4500 | ||
| 001 | in00002363039 | ||
| 005 | 20151108085629.0 | ||
| 008 | 070817s2008 enk b 001 0 eng | ||
| 010 | |a 2007034348 | ||
| 019 | |a 154789367 | ||
| 020 | |a 9781842778258 (pbk. : alk. paper) | ||
| 020 | |a 1842778250 (pbk. : alk. paper) | ||
| 020 | |a 9781842778241 (hbk. : alk. paper) | ||
| 020 | |a 1842778242 (hbk. : alk. paper) | ||
| 035 | |a (OCoLC)ocn154789363 | ||
| 035 | |a (OCoLC)154789363 |z (OCoLC)154789367 | ||
| 040 | |a DLC |c DLC |d BTCTA |d BAKER |d YDXCP |d BWKUK |d UtOrBLW | ||
| 049 | |a TXAM | ||
| 050 | 0 | 0 | |a HV6250.4.W65 |b R63 2008 |
| 082 | 0 | 0 | |a 362.82/92 |2 22 |
| 100 | 1 | |a Roberts, David W. |q (David Wesley), |d 1962- | |
| 245 | 1 | 0 | |a Human insecurity : |b global structures of violence / |c David Roberts. |
| 264 | 1 | |a London ; |a New York : |b Zed Books ; |c 2008. | |
| 264 | 2 | |a New York : |b Distributed in the USA by Palgrave Macmillan, | |
| 300 | |a 208 pages ; |c 23 cm. | ||
| 336 | |a text |b txt |2 rdacontent | ||
| 337 | |a unmediated |b n |2 rdamedia | ||
| 338 | |a volume |b nc |2 rdacarrier | ||
| 504 | |a Includes bibliographical references (pages [186]-201) and index. | ||
| 505 | 0 | |a Introduction -- Thinking about security and violence -- Global human insecurity -- Institutions, the U5MR, infanticide and maternal mortality -- Institutions and intimate murder -- Human and realist security -- International institutions -- Andrarchy and neoliberalism -- Global structures -- Conclusion. | |
| 650 | 0 | |a Women |x Violence against. | |
| 650 | 0 | |a Children |x Violence against. | |
| 650 | 0 | |a Violence. | |
| 650 | 0 | |a International relations. | |
| 650 | 0 | |a International cooperation. | |
| 856 | 4 | 2 | |3 Contributor biographical information |u http://www.loc.gov/catdir/enhancements/fy0809/2007034348-b.html |t 0 |
| 856 | 4 | 2 | |3 Publisher description |u http://www.loc.gov/catdir/enhancements/fy0809/2007034348-d.html |t 0 |
| 856 | 4 | 1 | |3 Table of contents only |u http://www.loc.gov/catdir/enhancements/fy0809/2007034348-t.html |t 0 |
| 938 | |a Baker and Taylor |b BTCP |n BK0007287326 | ||
| 938 | |a Baker & Taylor |b BKTY |c 89.95 |d 89.95 |i 1842778242 |n 0007287325 |s active | ||
| 938 | |a Baker & Taylor |b BKTY |c 27.95 |d 27.95 |i 1842778250 |n 0007287326 |s active | ||
| 938 | |a YBP Library Services |b YANK |n 2751901 | ||
| 945 | |a PromptCat |b 343832 | ||
| 946 | |a stk | ||
| 947 | |a A14836589746 | ||
| 994 | |a 92 |b TXA | ||
| 948 | |a cataloged |b h |c 2008/2/27 |d c |e asalazar |f 12:36:57 pm | ||
| 999 | |a MARS | ||
| 999 | f | f | |s c0f479a7-3e17-369b-98ae-807ec23d34da |i 0809e62a-def3-3bbb-a5b5-0ffd88d0591d |t 0 |
| 952 | f | f | |p ric |a Texas A&M University |b Rellis Campus |c Joint Library Facility |d Remote Storage |t 0 |e HV6250.4.W65 R63 2008 |h Library of Congress classification |i unmediated -- volume |m A14836589746 |
| 998 | f | f | |a HV6250.4.W65 R63 2008 |t 0 |l Remote Storage |